000 00800cam a22002413a 4500
001 9952
003 PGUSA
005 20140828083218.0
008 060201s2006||||xxu|||||s|||||000 | eng d
040 _aPGUSA
_beng
042 _adc
050 4 _aPZ
100 1 _aSholl, Anna McClure
245 1 4 _aThe Faery Tales of Weir
_h[electronic resource] /
_cAnna McClure Sholl
260 _bProject Gutenberg,
_c2006
505 0 _aThe faery tales of weir -- The tale of the blue glove -- The invisible wall -- The tree in the dark wood -- The cat that winked -- The magic tears -- The golden archer.
506 _aPublic domain in the USA.
516 _aElectronic text
653 _aFairy tales
830 0 _aProject Gutenberg
_v9952
856 4 0 _uhttp://www.gutenberg.org/ebooks/9952
942 _cEB
999 _c239208
_d239208